[Event "Winter Chess Classic-A 2018"]
[Site "Saint Louis"]
[Date "2018.11.05"]
[Round "1"]
[White "Robson, Ray"]
[Black "Quesada Perez, Yuniesky"]
[Result "0-1"]
[WhiteElo "2676"]
[BlackElo "2612"]
[Annotator "TA"]
[PlyCount "88"]
[EventDate "2018.11.05"]
[EventType "tourn"]
[EventCountry "USA"]
[SourceTitle "playchess.com"]
[Source "ChessBase"]
[SourceQuality "1"]

{[%evp 14,87,8,0,14,11,20,10,21,6,16,14,20,0,0,0,0,0,0,0,0,0,0,0,0,0,0,0,0,0,0,0,20,12,10,14,20,0,20,0,0,0,0,0,0,-140,-127,-147,-158,-407,-407,-601,-602,-588,-584,-573,-551,-844,-778,-863,-875,-685,-514,-1118,-1105,-1056,-894,-1018,-1018,-2106,-1438,-29983,-29984,-29989,-29985,-29999]} 1. c4 e5 2. g3 Nf6 3. Bg2 Nc6 4. Nf3 Bc5 5. O-O d6 6. e3 {A20: English Opening: 1...e5} O-O 7. d4 Bb6 8. h3 {LiveBook: 7 Games. The position is equal.} exd4 9. exd4 h6 10. Nc3 a6 11. a3 Ne7 12. Re1 $146 ({Predecessor:} 12. b3 c6 13. Bb2 {½-½ (59) Movsesian,S (2688)-Najer,E (2647) Czechia 2013}) 12... c6 13. d5 cxd5 14. cxd5 Ng6 15. Be3 Re8 16. Qd2 Bd7 17. Bd4 Bxd4 18. Qxd4 Qc7 19. Nd2 Rac8 20. Rxe8+ Rxe8 21. Qb4 a5 22. Qd4 Ne5 23. a4 Rc8 24. Bf1 h5 25. Ra3 Bf5 26. f4 Ng6 27. Nb5 Qd7 28. Nc4 {[#] And now Nb6 would win.} Rc5 29. Bg2 (29. Nbxd6 $11 {remains equal.} Rxd5 30. Qa7 Bxh3 31. Nb6 Qxd6 32. Nxd5 Qxd5 33. Bxh3) 29... Bxh3 $17 30. Nbxd6 b6 $1 {White must now prevent ...Bxg2.} 31. Bxh3 $2 (31. Be4 $17 {might work better.}) 31... Qxh3 $19 32. Ne4 (32. Qd3 $142 Rxd5 33. Qf1) 32... Nxe4 33. Qxe4 h4 34. gxh4 Qg4+ 35. Kf2 {intending Rg3.} Nxf4 36. Qe8+ Kh7 37. Rg3 Nh3+ 38. Kg2 (38. Rxh3 $142 Qxh3 39. Ne3 Qxh4+ 40. Kf3 Qf6+ 41. Ke4) 38... Qxc4 39. Kxh3 Qxd5 {[#] ( -> ...Qh1+). KQR-KQR} 40. Qe2 Qh1+ 41. Kg4 f5+ {[%cal Bf7f5,Bf5f4][%mdl 32]} 42. Kh5 Qc6 {[%csl Gg7,Gh7][%cal Rc6h6] Black mates.} 43. Qd2 f4+ 44. Rg5 Qf3# {Precision: White = 40%, Black = 68%.} 0-1

[Event "Winter Chess Classic-A 2018"]
[Site "Saint Louis"]
[Date "2018.11.05"]
[Round "1"]
[White "Xiong, Jeffery"]
[Black "Melkumyan, Hrant"]
[Result "1-0"]
[WhiteElo "2675"]
[BlackElo "2668"]
[Annotator "TA"]
[PlyCount "87"]
[EventDate "2018.11.05"]
[EventType "tourn"]
[EventCountry "USA"]
[SourceTitle "playchess.com"]
[Source "ChessBase"]
[SourceQuality "1"]

{[%evp 13,87,12,31,20,16,12,10,16,16,10,14,35,23,36,39,22,14,28,101,104,109,108,118,118,157,152,154,130,202,194,190,187,187,195,194,190,201,183,173,184,214,214,193,159,161,145,303,294,300,248,325,315,322,320,393,415,366,390,410,399,406,408,409,404,416,409,398,405,462,452,546,546,546,546,646,637]} 1. d4 Nf6 2. c4 e6 3. Nf3 d5 4. g3 dxc4 5. Bg2 Bb4+ 6. Bd2 a5 7. Qc2 {E04: Open Catalan: 5 Nf3} c5 {LiveBook: 3 Games} 8. dxc5 (8. a3 Bxd2+ 9. Nbxd2 cxd4 10. Nxc4 Nc6 11. O-O O-O 12. Rfd1 Re8 13. Rac1 e5 14. b4 axb4 15. axb4 Nxb4 {½-½ (60) Xiong,J (2651)-Melkumyan,H (2660) chess.com INT 2018}) 8... Bxc5 9. Na3 $146 {The position is equal.} ({Predecessor:} 9. Qxc4 Nbd7 10. O-O b6 11. Nc3 Bb7 12. Rfd1 O-O 13. Bg5 Qc8 14. Qd3 Bc6 15. Bxf6 Nxf6 {½-½ (26) Bogner,S (2588)-Melkumyan,H (2664) Batumi 2018}) 9... Nbd7 10. Nxc4 O-O 11. O-O b6 12. Ne1 Ba6 {[#] Strongly threatening ...Rc8.} 13. Bxa8 Qxa8 14. b3 {[%cal Bb2b3,Bb3c4][%mdl 32]} Rc8 15. Qd1 Qd5 {[#]} (15... Qe4 $11 {remains equal.}) 16. Rc1 $1 $16 Ne4 {Threatens to win with ...b5.} 17. Nf3 {[%cal Be1f3,Bf3d2,Bd2b3,Bb3d4][%mdl 32]} Bxc4 18. bxc4 Qc6 19. Bf4 f6 20. Qd3 Nf8 (20... e5 $16) 21. Be3 $18 e5 22. Nd2 Bxe3 23. Qxe3 Nc5 24. Nb3 Nb7 25. Qf3 Qxf3 26. exf3 Ne6 27. Rfd1 Rc7 28. f4 exf4 29. Nd4 Kf7 $2 (29... Nxd4 $16 {is a better defense.} 30. Rxd4 fxg3) 30. Rb1 fxg3 31. hxg3 Ng5 32. Rxb6 Rd7 33. Rbb1 Kg6 34. Ne2 Rc7 35. Nf4+ Kf7 36. Nd5 Rd7 37. Nb6 Rc7 38. Rd7+ Rxd7 39. Nxd7 {KRN-KNN} Nd8 40. Rb5 Nc6 41. Nb8 {White is clearly winning.} Nd4 42. Rxa5 Ngf3+ 43. Kg2 g5 44. c5 {Precision: White = 96%, Black = 45%.} 1-0

[Event "Winter Chess Classic-A 2018"]
[Site "Saint Louis"]
[Date "2018.11.05"]
[Round "1"]
[White "Motylev, Alexander"]
[Black "Miroshnichenko, Evgenij"]
[Result "1-0"]
[WhiteElo "2661"]
[BlackElo "2606"]
[Annotator "TA"]
[PlyCount "91"]
[EventDate "2018.11.05"]
[EventType "tourn"]
[EventCountry "USA"]
[SourceTitle "playchess.com"]
[Source "ChessBase"]
[SourceQuality "1"]

{[%evp 9,91,10,10,10,15,14,18,11,17,11,27,27,31,18,27,22,25,16,20,12,28,15,17,14,20,6,12,6,14,0,0,0,0,0,20,5,21,16,23,18,71,60,81,79,79,76,83,86,66,58,121,104,100,69,69,69,70,69,70,70,70,70,70,70,114,101,279,276,277,271,279,273,240,202,463,367,351,345,342,266,274,279,391,383]} 1. e4 e5 2. Nf3 Nf6 3. Nxe5 d6 4. Nd3 (4. Nf3 Nxe4 5. Nc3 Nxc3 6. dxc3 Be7 7. Be3 O-O 8. Qd2 Nd7 9. O-O-O c6 10. h4 d5 11. Kb1 Re8 12. Bd3 Bc5 13. Rde1 Bxe3 14. Rxe3 Rxe3 15. Qxe3 Nf6 {½-½ (28) Aronian,L (2780)-Caruana,F (2827) Batumi 2018}) 4... Nxe4 5. Qe2 Qe7 {LiveBook: 14 Partien} 6. Nf4 {[#] zielt auf Sd5 ab. C42: Russische Verteidigung (Petrow)} Nf6 7. d4 Qxe2+ 8. Bxe2 {Die Stellung ist ausgeglichen.} Bf5 $146 ({Vorgänger:} 8... Nc6 9. c3 g6 10. f3 Bg7 11. h4 h5 {½-½ (43) Motylev,A (2659)-Rakhmanov,A (2627) Yaroslavl 2018}) 9. c3 Nbd7 10. f3 h5 11. h4 d5 12. Nd2 {[%cal Bb1d2,Bd2f1,Bf1g3][%mdl 32]} Bd6 13. Nf1 Nf8 14. Ng3 Bd7 {Und ...Sg6 würde nun gewinnen.} 15. Kf2 Ne6 16. Nd3 g6 17. Ne5 c5 18. Be3 Bc6 19. Rad1 cxd4 20. cxd4 {[%cal Bc3d4,Bd4e5][%mdl 32]} Nd7 21. f4 Nxe5 22. dxe5 Bc7 23. Bf3 d4 24. Bd2 ({Bitte nicht} 24. Bxd4 Nxd4 25. Rxd4 Bb6 $15) 24... O-O-O (24... Bd8 $11) 25. Rc1 $16 Bxf3 26. Kxf3 Kb8 27. Ne4 Ng7 28. Rhd1 Nf5 29. g3 d3 ({Günstiger ist} 29... Rd5 $14) 30. Bc3 Rhe8 31. Nf2 Bb6 32. Rxd3 Bxf2 33. Rxd8+ Rxd8 34. Kxf2 $14 {[%mdl 4096] Endspiel KTL-KTS} b6 35. Be1 Rd3 36. Ke2 Re3+ 37. Kd2 Rf3 $2 {[#]} (37... Re4 $16) 38. Rc6 $1 $18 Nxg3 39. Bxg3 Rxg3 {KT-KT} 40. Rf6 Kc8 41. Rxf7 Rg4 $2 (41... a5 42. b3 b5) 42. Ke3 Rxh4 43. Rxa7 Rg4 44. Rh7 Kd8 45. a4 Ke8 (45... Rg1 $142 46. Rh6 Ke7) 46. b4 {Precision: Weiß = 86%, Schwarz = 50%.} 1-0

[Event "Winter Chess Classic-A 2018"]
[Site "Saint Louis"]
[Date "2018.11.05"]
[Round "1"]
[White "Sevian, Samuel"]
[Black "Swiercz, Dariusz"]
[Result "1/2-1/2"]
[WhiteElo "2641"]
[BlackElo "2636"]
[Annotator "TA"]
[PlyCount "123"]
[EventDate "2018.11.05"]
[EventType "tourn"]
[EventCountry "USA"]
[SourceTitle "playchess.com"]
[Source "ChessBase"]
[SourceQuality "1"]

{[%evp 16,122,37,34,33,25,35,33,33,36,49,42,43,33,27,14,35,0,0,-24,-20,-9,-27,-16,0,-20,0,0,0,0,0,0,0,0,0,0,0,0,0,0,0,0,7,4,12,0,21,0,0,0,0,0,0,0,0,0,0,0,0,0,0,0,0,0,0,0,0,0,0,0,0,0,0,0,1,0,7,0,0,0,0,0,0,0,0,0,0,0,0,0,0,0,0,0,0,0,0,0,0,0,0,0,0,0,0,0,0,0,0]} 1. e4 c5 2. Nf3 d6 3. d4 cxd4 4. Nxd4 Nf6 5. Nc3 a6 6. Nb3 g6 {B90: Sicilian Najdorf: Unusual White 6th moves, 6 Be3 Ng4 and 6 Be3 e5} (6... e5 7. Bg5 Be6 8. f4 exf4 9. Qd2 Be7 10. O-O-O Bxb3 11. cxb3 Nc6 12. Bxf4 O-O 13. Bxd6 Bxd6 14. Qxd6 Qa5 15. Be2 {½-½ (76) Kryvoruchko,Y (2695)-Abdusattorov,N (2558) Batumi 2018}) 7. Be2 Bg7 8. Be3 Nc6 9. Nd5 {LiveBook: 5 Games} Nd7 10. Qc1 $146 ({Predecessor:} 10. c3 e6 11. Nf4 Nde5 12. Qd2 b5 13. Nd4 Bd7 14. b3 {½-½ (41) Fenil,S (2346)-Brunello,S (2542) Reykjavik 2018}) 10... e6 11. Nc3 $1 b5 12. Bh6 O-O 13. Bxg7 Kxg7 14. Qd2 Nf6 15. a3 Ne5 16. Rd1 Bb7 17. f3 Nc4 18. Bxc4 bxc4 19. Nd4 Qe7 {The position is equal.} 20. O-O e5 21. Nde2 Rfd8 22. Ng3 d5 23. Qg5 {[#] And now Nf5+ would win.} Kf8 24. Qh6+ Kg8 25. exd5 Nxd5 26. Nxd5 Rxd5 27. Rxd5 Bxd5 28. Rd1 Rd8 29. Qe3 Rd7 30. Kf2 Kg7 31. Ne2 f6 32. Nc3 Bf7 33. Rxd7 Qxd7 34. Ne4 Bd5 35. Nc3 Bf7 36. Ne4 Bd5 37. Nc5 Qb5 38. b4 cxb3 $1 39. cxb3 a5 40. Qc3 Kf7 41. b4 axb4 42. axb4 Qc4 43. Qxc4 Bxc4 $11 {[%mdl 4096] Endgame KB-KN} 44. Ke3 Ke7 45. g4 Bb5 46. h4 f5 47. gxf5 gxf5 48. f4 Kd6 49. fxe5+ Kxe5 50. Nd3+ Bxd3 51. Kxd3 {KPP-KPP} Kd5 $1 52. h5 Kc6 53. Ke3 Kb5 54. Kf4 Kxb4 55. Kxf5 {[#] Threatening mate with Kg5. KP-KP} Kc5 56. Kg5 {Kh6 would kill now.} Kd6 57. Kh6 Ke7 58. Kxh7 Kf7 $2 {[%mdl 8192]} (58... Kf6) 59. h6 {[%cal Bh5h6,Bh6h7][%mdl 32]} Kf8 60. Kg6 {White wants to mate with h7.} Kg8 61. h7+ Kh8 62. Kh6 {Precision: White = 76%, Black = 76%.} 1/2-1/2

[Event "Winter Chess Classic-A 2018"]
[Site "Saint Louis"]
[Date "2018.11.05"]
[Round "1"]
[White "Shimanov, Aleksandr"]
[Black "Sasikiran, Krishnan"]
[Result "0-1"]
[WhiteElo "2620"]
[BlackElo "2671"]
[Annotator "TA"]
[PlyCount "166"]
[EventDate "2018.11.05"]
[EventType "tourn"]
[EventCountry "USA"]
[SourceTitle "playchess.com"]
[Source "ChessBase"]
[SourceQuality "1"]

{[%evp 11,166,12,10,12,19,29,17,18,18,0,0,-30,-25,-30,-16,-19,-22,-30,-18,-35,-13,-21,-22,-46,-54,-65,-66,-71,-67,-59,-59,-75,-51,-70,-79,-71,-79,-79,-79,-79,-68,-77,-74,-87,-65,-76,-72,-75,-67,-79,-75,-79,-79,-79,-79,-79,-79,-79,-79,-85,-95,-135,-79,-79,0,-141,-108,-85,-76,-82,-34,-97,-63,-59,-46,-75,-42,-35,0,-47,-33,-63,-65,-63,-52,-93,-75,-75,-75,-75,-70,-63,-62,-89,-75,-92,-75,-80,-63,-63,-63,-63,-63,-79,-63,-91,-88,-94,0,-82,-57,-55,-59,-79,-79,-80,-59,-109,-76,-104,-67,-91,-90,-84,-67,-109,-92,-79,-75,-121,0,0,0,-63,-89,-79,-70,-71,-94,-270,0,0,0,-211,-219,-29979,-29979,-29979,-29973,-29965,-29965,-29991,-29984,-29986,-29987,-29987,-29988]} 1. d4 Nf6 2. Bg5 d5 3. e3 c6 4. Bd3 Bg4 (4... Qb6 5. b3 Nbd7 6. Nd2 e5 7. c3 Bd6 8. Ne2 Qc7 9. h3 O-O 10. Rc1 Re8 11. O-O a6 12. c4 exd4 13. exd4 dxc4 14. Nxc4 {½-½ (69) Jobava,B (2690)-Sjugirov,S (2650) Riadh 2017}) 5. f3 Bh5 6. Ne2 {[%cal Bg1e2,Be2g3,Bg3f5][%mdl 32] D00: 1 d4 d5: Unusual lines} Nbd7 {LiveBook: 15 Games} 7. Nbc3 e5 8. Qd2 {The position is equal.} Bb4 9. a3 $146 ({Predecessor:} 9. O-O O-O 10. Ng3 exd4 11. exd4 Bg6 12. f4 Bxd3 13. Qxd3 Bxc3 14. Qxc3 h6 {½-½ (14) Mellado Trivino,J (2430)-De la Villa Garcia,J (2495) Leon 1997}) 9... Ba5 10. Ng3 Bg6 11. Nf5 O-O {[#] Strongly threatening ...e4!} 12. O-O Bc7 13. g4 Re8 14. Rae1 h6 15. Bh4 Bxf5 16. Bxf5 Nf8 17. Na4 Ng6 18. Bxg6 fxg6 {[%cal Bf7g6,Bg6g5][%mdl 32]} 19. Nc5 g5 20. Bg3 b6 21. Na6 Bd6 22. dxe5 Bxe5 23. Bxe5 Rxe5 24. Nb4 Re6 25. c3 c5 26. Nc2 Qe8 27. Qd3 Qa4 28. Re2 Rae8 {[%cal Ba8e8,Be8e7,Be7d7][%mdl 32]} 29. Rfe1 a5 {[%cal Ba7a5,Ba5a4][%mdl 32]} 30. Rd1 R8e7 31. Rde1 Qc6 32. Rf1 a4 33. Rd2 b5 34. Rfd1 Rd7 35. Qf5 Rdd6 36. Kg2 Qe8 ({Black should play} 36... Re7 37. Qd3 Nd7) 37. Qd3 $17 Qc6 (37... Rd8 $142) 38. Qf5 Kf7 39. Kg1 Qe8 40. Qd3 Qb8 41. Qf5 (41. Qf1 $15) 41... g6 42. Qd3 Rd7 43. Qf1 Qb7 44. Qf2 Rde7 45. Qg3 Kg7 46. Qf2 Rf7 $36 {[%mdl 2048] Black has some pressure.} 47. Qg3 Kh7 48. Qg2 Qe7 49. Qe2 Qe8 50. Qg2 Qf8 51. Qe2 Qb8 52. Qg2 Kg7 53. Kh1 Qe8 54. Kg1 Re5 55. Qg3 Qe6 56. h3 Qe8 57. Qg2 Re6 58. Qg3 Qc6 59. Kg2 Qe8 60. Kg1 $1 Kh7 61. Qg2 Qb8 62. Kh1 Kg7 63. Kg1 Qc7 64. Kh1 Qb7 65. Kg1 Qa8 66. Kh1 Qc6 67. Kg1 Nd7 68. Rxd5 Nb6 69. Rd8 Nc4 70. e4 Ne5 ({Don't do} 70... Nxb2 71. R1d5 $15) (70... Ref6 $17 71. Rf1 Rd6) 71. Ne1 $11 Ref6 {[%cal Re5f3]} 72. Rb8 (72. Qe2 $11) 72... Nxf3+ $15 73. Nxf3 Rxf3 74. Rdd8 $1 {[%cal Rd8g8] Rg8+ is the strong threat.} Qxe4 75. Rg8+ $2 (75. Re8 $17 Rf1+ 76. Qxf1 Rxf1+ 77. Kxf1 Qh1+ 78. Kf2) 75... Kh7 76. Rh8+ Kg7 {( -> ...Qe3+)} 77. Rhg8+ $1 Kf6 {aiming for ...h5.} 78. Rb6+ $2 {[#]} (78. Rbe8 $19 Qf4 79. Re1) 78... Ke7 {Black mates.} 79. Rb7+ Qxb7 80. Qe2+ Kf6 81. Qc2 Qd5 82. Rxg6+ Ke7 83. Qe2+ Kf8 {Precision: White = 47%, Black = 56%.} 0-1

[Event "Winter Chess Classic-A 2018"]
[Site "Saint Louis"]
[Date "2018.11.06"]
[Round "2"]
[White "Sasikiran, Krishnan"]
[Black "Quesada Perez, Yuniesky"]
[Result "1/2-1/2"]
[WhiteElo "2671"]
[BlackElo "2612"]
[Annotator "TA"]
[PlyCount "65"]
[EventDate "2018.11.05"]
[EventType "tourn"]
[EventCountry "USA"]
[SourceTitle "playchess.com"]
[Source "ChessBase"]
[SourceQuality "1"]

{[%evp 27,65,16,18,18,16,8,1,15,18,12,11,0,10,0,0,0,0,0,0,0,0,0,0,0,0,0,22,7,5,0,11,11,21,20,20,0,4,4,24,0]} 1. e4 e5 2. Nf3 Nc6 3. Bb5 Nf6 4. O-O Nxe4 5. Re1 Nd6 6. Nxe5 Be7 7. Bf1 Nxe5 8. Rxe5 O-O 9. d4 Bf6 10. Re1 Re8 {C67: Spanische Partie (Berliner Verteidigung)} 11. c3 Rxe1 12. Qxe1 Nf5 13. Bf4 c6 14. Nd2 d5 {[#] LiveBook: 4 Partien} 15. a4 $146 ({Vorgänger:} 15. Nf3 Nd6 16. Bd3 Bf5 17. Bxf5 Nxf5 18. Qe2 Qe7 {½-½ (18) Becerra Rivero,J (2546)-So,W (2762) Las Vegas 2014}) 15... Nd6 16. a5 Bf5 17. Nf3 a6 18. Ne5 Bg5 19. Qe3 h6 20. Nf3 {[%cal Rf3g5]} Bxf4 21. Qxf4 f6 22. Nd2 Qe7 23. c4 Qe6 {[%cal Rd5c4]} 24. c5 Nf7 25. Ra3 Qd7 26. Re3 Kf8 27. h4 g5 28. Qf3 Re8 29. Rxe8+ Kxe8 30. Be2 Qe6 31. hxg5 hxg5 32. Nf1 Qe4 33. Qe3 {Precision: Weiß = 35%, Schwarz = 72%.} 1/2-1/2

[Event "Winter Chess Classic-A 2018"]
[Site "Saint Louis"]
[Date "2018.11.06"]
[Round "2"]
[White "Melkumyan, Hrant"]
[Black "Sevian, Samuel"]
[Result "1-0"]
[WhiteElo "2668"]
[BlackElo "2641"]
[Annotator "TA"]
[PlyCount "103"]
[EventDate "2018.11.05"]
[EventType "tourn"]
[EventCountry "USA"]
[SourceTitle "playchess.com"]
[Source "ChessBase"]
[SourceQuality "1"]

{[%evp 12,103,14,4,9,11,20,0,0,0,0,-12,13,16,23,7,15,14,34,41,40,-50,17,0,4,-33,18,0,0,-36,-36,-36,2,-22,53,-2,-7,-42,102,-98,-96,-108,-95,-99,16,19,10,-50,175,0,0,0,0,-112,10,7,0,27,94,112,59,55,331,297,424,419,404,407,479,464,474,466,642,1602,1627,1532,1699,1597,1462,744,1876,1811,1763,1637,29967,29967,29969,29970,29970,29971,29973,29975,29980,29979]} 1. c4 e5 2. Nc3 Nf6 3. Nf3 Nc6 4. e3 Bb4 5. Qc2 d6 6. Ne2 {A28: Englische Eröffnung (Vierspringer-Variante)} a5 7. a3 {LiveBook: 3 Partien} Bc5 8. d4 $146 {Die Stellung ist ausgeglichen.} ({Vorgänger:} 8. b3 O-O 9. Ng3 Re8 10. Bb2 Ba7 11. Be2 h6 12. O-O Be6 13. Bc3 Ne7 {1-0 (63) Karjakin,S (2760)-Vidit,S (2715) Riadh 2017}) 8... Ba7 9. d5 Ne7 10. Ng3 O-O 11. Bd3 c6 12. dxc6 bxc6 13. O-O Ng6 14. b4 Bg4 15. Nd2 d5 16. h3 (16. Nb3 $14) 16... Be6 (16... e4 $1 $15 17. Be2 Bxe2 18. Nxe2 Ne5) 17. Bb2 Bb8 18. Rfd1 Qe7 ({Besser ist} 18... e4 $15 19. Be2 Bxg3 20. fxg3 Qb8) 19. Bf1 h5 20. Be2 h4 21. Ngf1 Rc8 22. Bc3 Rd8 (22... Nh7 $11) 23. Nb3 ({Ein No Go ist} 23. bxa5 d4 $11) ({Lieber} 23. cxd5 $1 $14 cxd5 24. bxa5) 23... Ne4 $11 24. Be1 Bf5 (24... axb4 $15 {behält die Oberhand.} 25. Bxb4 Qg5) 25. Qb2 $2 (25. cxd5 $16 cxd5 26. Nxa5) 25... Ng5 $17 26. Nxa5 Nxh3+ 27. Kh1 Rxa5 (27... Rd6 $17 28. gxh3 Bxh3) 28. bxa5 $11 {Und weiter mit cxd5 wäre nett.} Ng5 29. f3 (29. cxd5 $11 cxd5 30. f3) 29... Qf6 $2 (29... d4 $1 $15 {bleibt weiter vorne.}) 30. Nh2 $2 (30. cxd5 $18 cxd5 31. Qb6) 30... Ba7 31. cxd5 cxd5 32. e4 (32. Qb3 $11 {bleibt in der Remisbreite.}) 32... dxe4 (32... Rb8 $1 $17 {[%cal Rb8b2]} 33. Qxb8+ Bxb8 34. exf5 Nf4) 33. Rxd8+ Qxd8 34. Rd1 $1 $36 {[%cal Rd1d8][%mdl 2048] Weiss hat Druck.} Qf6 (34... Qf8 $1 $11) 35. Qb7 $16 Be3 36. a6 {Droht stark Ld2.} h3 $2 {[%mdl 8192]} (36... Kh7 $1 $14) 37. g4 $1 $18 {[%cal Rg4f5]} exf3 (37... Be6 $142 38. Bd2 (38. fxe4 Qf4 $14) (38. a7 Bxa7 39. Qxa7 exf3 $18) 38... Bc5) 38. Bxf3 ({Und nicht} 38. gxf5 fxe2 39. Rd3 Bb6 $11) 38... Bc2 {[#]} 39. Qc8+ $1 ({Schwächer ist} 39. a7 Bxa7 40. Qc8+ Nf8 $11) 39... Kh7 40. Qxc2 Nxf3 {[#]} 41. Qf5 $1 {[%cal Rf5f6]} e4 42. Qxf6 gxf6 43. Nxf3 exf3 {[%mdl 4096] Endspiel KTL-KLS} 44. Bg3 Ne5 45. Rf1 Nxg4 46. Rxf3 Ba7 47. Rb3 Kg6 48. Rb7 {Weiß setzt Matt.} Be3 49. a7 Bxa7 50. Rxa7 f5 51. a4 {[%cal Ba3a4,Ba4a5][%mdl 32]} f6 52. a5 {Precision: Weiß = 51%, Schwarz = 25%.} 1-0

[Event "Winter Chess Classic-A 2018"]
[Site "Saint Louis"]
[Date "2018.11.06"]
[Round "2"]
[White "Swiercz, Dariusz"]
[Black "Motylev, Alexander"]
[Result "1-0"]
[WhiteElo "2636"]
[BlackElo "2661"]
[Annotator "TA"]
[PlyCount "145"]
[EventDate "2018.11.05"]
[EventType "tourn"]
[EventCountry "USA"]
[SourceTitle "playchess.com"]
[Source "ChessBase"]
[SourceQuality "1"]

{[%evp 22,145,19,0,33,18,49,26,41,27,27,45,46,28,111,91,176,137,160,168,164,135,120,95,143,149,143,145,198,200,190,196,262,270,460,443,510,510,509,504,576,443,437,374,374,374,374,371,371,365,293,293,285,155,967,827,4534,4534,2959,2860,1729,1893,2150,1230,1179,740,693,693,662,432,1616,1609,1573,1464,1561,1479,1430,1451,1931,1619,1773,1631,1134,911,29970,618,29956,29958,1557,29962,29968,29969,29967,29968,29971,29972,29972,29973,29973,29972,29971,29971,29974,29975,29975,29976,29973,29973,29977,29978,29978,29979,29979,29980,29980,29980,29980,29981,29981,29982,29982,29983,29983,29984,29986,29985]} 1. d4 d5 2. c4 c6 3. Nf3 Nf6 4. Nc3 dxc4 5. a4 e6 6. e3 c5 7. Bxc4 cxd4 8. exd4 Nc6 9. O-O Be7 {D16: Slav Defence: 5 a4: Lines with 5...Bg4 and 5...Na6} 10. Qe2 O-O 11. Rd1 Nd5 (11... Nb4 12. Ne5 b6 13. Qf3 Rb8 14. Qg3 Bb7 15. Bh6 {0-1 (41) Bosiocic,M (2600)-Yu,Y (2765) Batumi 2018}) 12. Bd3 {LiveBook: 9 Games} Bf6 13. h4 {[#]} (13. Qe4 {keeps more tension.} g6 14. Bh6 Bg7 15. Bxg7 Kxg7 16. Bc4) 13... Re8 $146 14. Bb1 g6 15. Bg5 Bxg5 16. hxg5 Nxc3 17. bxc3 Bd7 (17... e5 $1 $11 {keeps the balance.}) 18. Qe3 Rc8 (18... e5 $16 {might work better.}) 19. Nd2 $18 {[%cal Bf3d2,Bd2e4,Be4d6][%mdl 32]} Ne7 20. Ne4 $1 $36 {[%mdl 2048] White is on the roll.} Nd5 21. Qd2 Kg7 22. Nd6 {Hoping for c4.} Bxa4 23. Nxe8+ Bxe8 24. Rc1 Bb5 (24... a5 $16 25. c4 Nb4) 25. Rxa7 Ba6 26. c4 $1 {[%cal Rc4d5]} Ne7 (26... Qc7 $142 27. Bd3 Nf4) 27. Qb2 $1 {aiming for Be4.} Kg8 $2 {[#]} (27... Bxc4 {was worth a try.} 28. d5+ (28. Rxb7 Bd5 $18) 28... Kg8 29. Rxb7 (29. Qxb7 Bxd5 30. Rxc8 Qxc8 $18) 29... Bxd5) 28. Be4 $1 Nc6 29. Bxc6 $1 Rxc6 30. d5 Rd6 31. Qf6 {And now c5 would win.} exd5 32. Ra8 Qxa8 33. Qxd6 Bxc4 {[%mdl 4096] Endgame KQR-KQB} 34. Re1 Bb5 35. Qxd5 Bc6 36. Qe5 Qd8 37. Kh2 ({White should play} 37. f3 $18) 37... h6 $2 (37... Qd5 $16 38. Qxd5 Bxd5) 38. gxh6 {[%csl Gh6][%cal Re5g7]} Qh4+ 39. Kg1 {[%csl Gh6][%cal Re5g7]} Qxh6 {[#]} 40. Rd1 $1 {[%cal Rd1d8]} Kh7 41. Rd3 Qc1+ 42. Kh2 g5 43. Rg3 Qf4 44. Qxg5 Qxg5 45. Rxg5 {KR-KB} f6 (45... Kh6 $142 46. Rg8 Kh7) 46. Rc5 Kg6 47. Kg3 Kf7 48. f3 Ke6 49. Kf4 Kd6 50. Rc1 Bd7 51. Rd1+ Ke6 52. g4 b5 53. Rd4 (53. g5 $142 fxg5+ 54. Kxg5 Bc6 55. f4 Kf7 56. f5 Be4 57. Rd7+ Ke8 58. Rd4) 53... Bc6 54. Ke3 Bd5 55. f4 {[%cal Bf3f4,Bf4f5][%mdl 32]} Bc4 {White mates.} 56. Rd8 Ke7 57. Rb8 Be6 58. f5 Bc4 59. Rb6 Bf1 60. Kf4 Bc4 61. Kg3 Kf7 62. Rb7+ Ke8 63. Kh4 Kd8 64. Kh5 Kc8 65. Re7 b4 66. Re4 Bf7+ 67. Kh6 b3 68. Kg7 Bd5 69. Rb4 Kd7 70. Kxf6 Kd6 71. g5 {[%cal Bg4g5,Bg5g6][%mdl 32]} Kc5 72. Rb8 Bc4 73. g6 {Precision: White = 82%, Black = 34%.} 1-0

[Event "Winter Chess Classic-A 2018"]
[Site "Saint Louis"]
[Date "2018.11.06"]
[Round "2"]
[White "Shimanov, Aleksandr"]
[Black "Xiong, Jeffery"]
[Result "0-1"]
[WhiteElo "2620"]
[BlackElo "2675"]
[Annotator "TA"]
[PlyCount "54"]
[EventDate "2018.11.05"]
[EventType "tourn"]
[EventCountry "USA"]
[SourceTitle "playchess.com"]
[Source "ChessBase"]
[SourceQuality "1"]

{[%evp 9,54,16,35,32,32,33,38,36,35,43,66,30,50,36,54,35,42,42,47,25,49,25,36,-23,141,125,122,20,14,13,115,29,38,38,26,32,85,88,85,77,69,-235,-240,-240,-235,-220,-233]} 1. e4 c5 2. Nc3 d6 3. Bb5+ Bd7 4. Bxd7+ Nxd7 (4... Qxd7 5. d4 cxd4 6. Qxd4 Nc6 7. Qd3 e6 8. Bf4 Ne5 9. Bxe5 dxe5 10. Qxd7+ Kxd7 11. O-O-O+ Kc6 {1-0 (35) Giri,A (2780)-Debashis,D (2548) Douglas 2018}) 5. f4 g6 6. Nf3 {B23: Closed Sicilian: Lines without g3} Bg7 7. Qe2 $146 ({Predecessor:} 7. O-O e6 8. d4 Ne7 9. dxc5 Nxc5 10. Qe2 O-O 11. Kh1 Qb6 {0-1 (64) Mucha,P (2168)-Siwiec,A (2206) Katowice 2018}) 7... e6 8. Nb5 {White is slightly better.} Qb8 9. Qd3 Ke7 10. O-O a6 11. Nc3 b5 12. Qe2 b4 13. Nd1 Ngf6 14. c4 bxc3 15. Nxc3 Re8 16. e5 (16. Rb1 $14) 16... dxe5 $2 (16... Nd5 $11) 17. fxe5 $16 Ng4 {[%cal Rg4e5]} 18. d4 (18. Ng5 $16 Nh6 19. d4) 18... cxd4 $1 $11 19. Ng5 $1 (19. Nxd4 Ngxe5 20. Bf4 Kf8 $15) 19... Nh6 {[#]} (19... dxc3 $2 20. Rxf7+ Kd8 21. Qxg4 $18) (19... Ndxe5 $11 20. Rxf7+ Kd8 21. Rxg7 d3) 20. Nxh7 (20. Nxe6 $1 $16 {[%mdl 512]} Kxe6 21. Qc4+ Ke7 22. Bxh6 Bxh6 23. Rxf7+ Kd8 24. e6 (24. Qxd4 Qa7 $17)) 20... Rh8 $1 {[%cal Rh8h7]} ({Reject} 20... Qxe5 $6 21. Bg5+ f6 22. Nxf6 $1 $18 {[%mdl 512]}) 21. Nd5+ $1 exd5 22. Bg5+ Ke6 (22... Ke8 $14 23. e6 Ne5 24. Nf6+ Kf8 25. e7+ Kxe7) 23. Bxh6 $1 $16 {aiming for Qg4+.} Rxh7 ({Don't blunder} 23... Bxh6 $2 24. Qg4+ Ke7 25. Qh4+ Ke6 26. Qxh6 $18) 24. Qg4+ Ke7 25. Qg5+ $2 {[%mdl 8192]} (25. Bxg7 $14 {is the one way to stay ahead.} Rxg7 26. Qh4+ g5 27. Qh6) 25... Ke8 $19 {Black is clearly better.} 26. Bxg7 Rxg7 27. Rae1 {[#]} Rh7 $1 {Precision: White = 45%, Black = 46%.} 0-1